Ethical choices in business (Record no. 7496)

MARC details
000 -LEADER
fixed length control field 00537nam a22002057a 4500
003 - CONTROL NUMBER IDENTIFIER
control field OSt
005 - DATE AND TIME OF LATEST TRANSACTION
control field 20211117133432.0
008 - FIXED-LENGTH DATA ELEMENTS--GENERAL INFORMATION
fixed length control field 211117b ||||| |||| 00| 0 eng d
020 ## - INTERNATIONAL STANDARD BOOK NUMBER
International Standard Book Number 0761997180
040 ## - CATALOGING SOURCE
Transcribing agency DDC
082 ## - DEWEY DECIMAL CLASSIFICATION NUMBER
Classification number 174.4 SEK 2013
100 ## - MAIN ENTRY--PERSONAL NAME
Personal name Sekhar, R. C.
9 (RLIN) 15355
245 ## - TITLE STATEMENT
Title Ethical choices in business
250 ## - EDITION STATEMENT
Edition statement 2ed.
260 ## - PUBLICATION, DISTRIBUTION, ETC. (IMPRINT)
Place of publication, distribution, etc. New Delhi ;
Name of publisher, distributor, etc. Response Book:
Date of publication, distribution, etc. 2013
300 ## - PHYSICAL DESCRIPTION
Extent 308P.:
Other physical details ill. ;
Dimensions 24 cm
504 ## - BIBLIOGRAPHY, ETC. NOTE
Bibliography, etc Includes references and index.
650 ## - SUBJECT ADDED ENTRY--TOPICAL TERM
Topical term or geographic name as entry element Business ethics.
9 (RLIN) 5048
942 ## - ADDED ENTRY ELEMENTS (KOHA)
Source of classification or shelving scheme Dewey Decimal Classification
Koha item type Book
Holdings
Withdrawn status Lost status Source of classification or shelving scheme Damaged status Not for loan Home library Current library Date acquired Source of acquisition Inventory number Total Checkouts Full call number Barcode Date last seen Price effective from Koha item type
    Dewey Decimal Classification     Faculty of Management Science Library Faculty of Management Science Library 17/11/2021 Purchase 15/4857   174.4 SEK 2013 2021-1774 17/11/2021 17/11/2021 Book
    Dewey Decimal Classification     Faculty of Management Science Library Faculty of Management Science Library 17/11/2021 Purchase 15/4858   174.4 SEK 2013 2021-1776 17/11/2021 17/11/2021 Book
    Dewey Decimal Classification     Faculty of Management Science Library Faculty of Management Science Library 17/11/2021 Purchase 15/4856   174.4 SEK 2013 2021-1777 17/11/2021 17/11/2021 Book
    Dewey Decimal Classification     Faculty of Management Science Library Faculty of Management Science Library 17/11/2021 Purchase 15/4859   174.4 SEK 2013 2021-1778 17/11/2021 17/11/2021 Book
    Dewey Decimal Classification     Faculty of Management Science Library Faculty of Management Science Library 17/11/2021 Purchase 15/4855   174.4 SEK 2013 2021-1780 17/11/2021 17/11/2021 Book